Les 100 meilleurs joueurs et joueuses de EA FC 25 - Statistiques

Statistiques générales
  • Ce quiz a été pris 434 fois
  • Le résultat moyen est 60 sur 131
Statistiques - réponses
Rang Poste Note Joueur Sexe % Correct
1 BU 91 KYLIAN MBAPPÉ M
99%
2 MDC 91 RODRI M
97%
4 BU 91 ERLING HAALAND M
95%
7 AG 90 VINICIUS Jr. M
94%
5 MOC 90 JUDE BELLINGHAM M
91%
9 MC 90 KEVIN DE BRUYNE M
86%
59 BU 87 HEUNG MIN SON M
84%
11 BU 90 HARRY KANE M
82%
13 G 89 GIANLUIGI DONNARUMMA M
80%
16 G 89 THIBAUT COURTOIS M
79%
6 MC 90 ALEXIA PUTELLAS F
78%
25 AD 88 LIONEL MESSI M
78%
30 BU 88 ROBERT LEWANDOWSKI M
77%
22 AD 89 MOHAMED SALAH M
76%
33 G 88 EDERSON M
75%
15 G 89 ALISSON M
74%
67 BU 86 CRISTIANO RONALDO M
73%
3 MC 91 AITANA BONMATI F
72%
21 G 89 MARC-ANDRÉ TER STEGEN M
70%
64 G 87 EMILIANO MARTINEZ M
68%
18 BU 89 LAUTARO MARTINEZ M
68%
20 DC 89 VIRGIL VAN DIJK M
68%
12 MC 89 MARTIN ØDEGAARD M
66%
82 AD 86 OUSMANE DEMBÉLÉ M
66%
23 AD 88 PHIL FODEN M
66%
28 BU 88 ANTOINE GRIEZMANN M
65%
29 DC 88 RUBEN DIAS M
65%
47 AD 87 BUKAYO SAKA M
63%
32 MC 88 FEDERICO VALVERDE M
63%
76 MC 86 LUKA MODRIC M
63%
71 AD 86 RODRYGO M
62%
40 DC 88 ANTONIO RUDIGER M
60%
34 MC 88 BERNARDO SILVA M
60%
44 DC 87 WILLIAM SALIBA M
59%
46 MOC 87 JAMAL MUSIALA M
58%
38 G 88 JAN OBLAK M
58%
86 MC 86 PEDRI M
58%
50 DG 87 THEO HERNANDEZ M
58%
60 DC 87 MARQUINHOS M
57%
10 BU 90 SAM KERR F
57%
96 G 86 MANUEL NEUER M
56%
42 MOC 88 FLORIAN WIRTZ M
55%
89 BU 86 KARIM BENZEMA M
55%
56 G 87 MIKE MAIGNAN M
55%
52 AG 87 NEYMAR Jr. M
55%
36 DC 88 WENDIE RENARD F
55%
66 G 87 YANN SOMMER M
55%
24 BU 88 MARIE KATOTO F
54%
Real Madrid
54%
8 AD 90 CAROLINE GRAHAM HANSEN F
53%
57 MOC 87 BRUNO FERNANDES M
52%
55 MC 87 FRENKIE DE JONG M
52%
Manchester City
52%
45 BU 87 VICTOR OSIMHEN M
52%
FC Barcelone
51%
Paris SG
50%
80 DD 86 CARVAJAL M
49%
53 MDC 87 DECLAN RICE M
49%
43 G 88 GREGOR KOBEL M
49%
91 DD 86 JOSHUA KIMMICH M
48%
73 AG 86 RAFAEL LEAO M
48%
Bayern Munich
47%
Liverpool
47%
Arsenal
46%
68 DC 86 GABRIEL M
46%
65 MC 87 NICOLO BARELLA M
46%
Chelsea
45%
62 MC 87 ILKAY GUNDOGAN M
45%
Inter Milan
45%
51 DG 87 SAKINA KARCHAOUI F
45%
85 DD 86 TRENT ALEXANDER-ARNOLD M
45%
AC Milan
43%
Manchester United
43%
Atletico Madrid
42%
Olympique Lyonnais
42%
Inter Miami
40%
61 DC 87 ALESSANDRO BASTONI M
39%
Bayer Leverkusen
39%
Borussia Dortmund
39%
27 AD 88 KADIDIATOU DIANI F
39%
49 MOC 87 PAULO DYBALA M
39%
78 MC 86 ALEXIS MAC ALLISTER M
38%
100 AG 85 KHVICHA KVARATSKHELIA M
38%
Al Nassr
37%
17 BU 89 ADA HEGERBERG F
36%
69 MDC 86 GRANIT XHAKA M
36%
75 MG 86 GRIMALDO M
36%
Tottenham
36%
AS Roma
35%
Aston Villa
34%
Al Hilal
33%
88 DC 86 JONATHAN TAH M
33%
Juventus
33%
Naples
33%
14 BU 89 SOPHIA SMITH F
33%
Galatasaray
32%
19 DC 89 MAPI LEON F
32%
77 DG 86 SELMA BACHA F
32%
39 DC 88 IRENE PAREDES F
31%
72 DG 86 JOAO CANCELO M
30%
31 MDC 88 PATRI GUIJARRO F
30%
63 BU 87 EWA PAJOR F
29%
37 MG 88 GURO REITEN F
27%
99 MDC 86 HAKAN CALHANOGLU M
27%
83 AD 86 LAUREN JAMES F
27%
41 G 88 CHRISTIANE ENDLER F
26%
90 DC 86 BREMER M
25%
48 BU 87 ALEXANDRA POPP F
24%
87 MC 86 GRACE GEYORO F
24%
Al Ittihad
23%
74 DG 86 FRIDOLINA ROLFO F
23%
93 G 86 UNAI SIMON M
23%
35 AD 88 BETH MEAD F
22%
NJ/NY Gotham
22%
VfL Wolfsburg
20%
92 AD 86 CHLOE KELLY F
18%
26 MOC 88 DEBINHA F
18%
58 MOC 87 ROSE LAVELLE F
18%
Athletic Bilbao
17%
70 BU 86 KHADIJA SHAW F
16%
79 AG 86 LAUREN HEMP F
15%
54 MG 87 MALLORY SWANSON F
15%
84 MDC 86 LENA OBERDORF F
13%
81 G 86 MARY EARPS F
13%
94 MC 86 LINDSEY HORAN F
11%
97 MOC 86 JILL ROORD F
8%
98 MC 86 KIM LITTLE F
8%
95 BU 86 LEA SCHULLER F
8%
Portland Thorns
7%
Chicago Red Stars
4%
KC Current
4%
Aucun quiz correspondant
Distribution des résultats
% des personnes avec chaque résultat
Percentile par nombre de réponses
Votre historique - résultats
Vous n’avez pas pris ce quiz